000 00440nam a2200193Ia 4500
005 20240823045322.0
008 240823s9999||||xx |||||||||||||| ||und||
020 _a81-89800-28-0
041 _aENGLISH
082 _A153.6 P7
100 _aAkanksha Jain Garg
245 0 _aUnderstanding Verbal & AWA
250 _a1st
260 _c2007
_bJBA Publi
500 _aYES
650 _aGeneral
_bGeneral
942 _cBK
999 _c214683
_d214683